000 00732cam a2200229 4500
008 000000n2001 000 0 eng u
020 _a0102883017
035 _a(Sirsi) u112219
050 _a306.52
110 _aUnited Kingdom
_bNational Audit Office
_91350
245 _aRegulating housing associations' management of financial risk.
260 _aLondon
_bStationery Office
_c2001
300 _a53p. ; 30cm.
350 _a9.00
490 _aHCP
_v399
520 _aReport bt the Comptroller and Auditor General HC399 Session 2000-2001: 19 April 2001.
650 _aHOUSING ASSOCIATIONS
650 _aREGISTERED SOCIAL LANDLORDS
650 _aHOUSING CORPORATION
690 _aAffordable housing
_96215
942 _n0
999 _c101376
_d101376